| 000 | 00693nam a2200217Ia 4500 | ||
|---|---|---|---|
| 003 | GCL | ||
| 008 | 140319s9999 xx 000 0 ara d | ||
| 040 |
_aGCL / _cGCL |
||
| 082 | 0 | 4 |
_a070.412 _bج ا |
| 100 | 1 | _aجزنسون، ستانلى | |
| 245 | 1 | 0 |
_aاستقاء الابناء فن: صحافة الخبر / _cجزنسون، ستانلى |
| 700 | 1 | _aهاريس, جوليان | |
| 700 | 1 | _aوديع فلسطين | |
| 700 | 1 | _aمحمد زكى عبدالقادر | |
| 300 | _a405 ص | ||
| 490 |
_aالهيئة العامة للاستعلامات _v0 |
||
| 650 | 0 | 4 | _aالصحافة |
| 650 | 0 | 4 | _aوسائل الاعلام |
| 650 | 0 | 4 | _aالصحافة - تحرير |
| 942 |
_2ddc _cBK |
||
| 999 |
_c46875 _d46875 |
||